000 00438pab a2200169 454500
008 180718b2013 xxu||||| |||| 00| 0 eng d
100 _aSingh, Seema
245 _aSocial responsibility of engineering institutions for inclusive growth
260 _c2013
300 _ap.1-4.
362 _a21 Jan
650 _aSocial responsibility
650 _aEngineering education
773 _aUniversity News
908 _aN
909 _a98471
999 _c98470
_d98470